Vista normal
Vista MARC
- Davies,Gill
Entrada Personal Name
Número de registros utilizados en: 1
001 - CONTROL NUMBER
- control field: 10495
003 - CONTROL NUMBER IDENTIFIER
- control field: OSt
005 - DATE AND TIME OF LATEST TRANSACTION
- control field: 20160526173226.0
008 - FIXED-LENGTH DATA ELEMENTS
- fixed length control field: 160526|| aca||aabn | a|a d
040 ## - CATALOGING SOURCE
- Original cataloging agency: OSt
- Transcribing agency: OSt
100 ## - HEADING--PERSONAL NAME
- Personal name: Davies,Gill
670 ## - SOURCE DATA FOUND
- Source citation: Work cat.: (OSt)2775: Davies,Gill, Gestión de proyectos editoriales: cómo encargar y contratar libros , 2005